[Event "GER-chT U10"]
[Site "Magdeburg"]
[Date "2012.12.29"]
[Round "6.2"]
[White "Hoffmann, Siegfried"]
[Black "Lenz, Sebastian"]
[Result "1-0"]
[WhiteElo "861"]
[BlackElo "681"]
[PlyCount "91"]
[EventDate "2012.12.27"]
[EventType "team-swiss"]
[EventRounds "7"]
[EventCountry "GER"]
[SourceTitle "EXT 2014"]
[Source "ChessBase"]
[SourceDate "2013.11.20"]
[SourceVersion "1"]
[SourceVersionDate "2013.11.20"]
[SourceQuality "1"]
[WhiteTeam "Magdeburg USC II"]
[BlackTeam "Neumarkt"]
[WhiteTeamCountry "GER"]
[BlackTeamCountry "GER"]

1. e4 e5 2. Nf3 d6 3. Nc3 Be6 4. Bb5+ Bd7 5. Bc4 Qe7 6. d3 Nc6 7. Bg5 f6 8. Be3 Nh6 9. Nd5 Qf7 10. Nxc7+ Kd8 11. Bxf7 Rb8 12. Bd5 Kxc7 13. Bxh6 gxh6 14. 0-0 Be7 15. Bxc6 Bxc6 16. d4 d5 17. exd5 Bxd5 18. dxe5 Bc6 19. exf6 Bxf6 20. Rb1 Bb5 21. Re1 Rhg8 22. g3 h5 23. Qd5 Bc6 24. Qd1 h4 25. g4 Rxg4+ 26. Kh1 h3 27. Re6 Bg7 28. Re7+ Kb6 29. Qd6 Kb5 30. Re3 Bh6 31. Qxh6 Rf8 32. Qxf8 a5 33. Rg1 Rc4 34. b3 Rxc2 35. a4+ Kb6 36. Re5 Rxf2 37. Qd8+ Ka7 38. Qd4+ Ka6 39. Qxf2 b5 40. Qf1 Bd7 41. axb5+ Kb6 42. Qc1 Bxb5 43. Qc5+ Ka6 44. Qxb5+ Ka7 45. Re6 Ka8 46. Ra6# 1-0